000 00454cam a2200193 4500
001 B230
008 090401t1986 xxu||||| |||| 00| 0 eng d
035 _a(Sirsi) u34462
041 _aeng
050 _a333.33025
245 _aKemps property industry year book .-1986
260 _aBirmingham
_bKemps Group
_c1986
300 _a444p. ; 21cm.
350 _a17.5
650 _aDIRECTORIES
650 _aPROPERTY
942 _n0
948 _c04/03/1997
999 _c89948
_d89948